Statistics for Top Five Countries By Category #1

Click here to take the quiz!

General Stats

  • This quiz has been taken 121,243 times
    (72,615 since last reset)
  • The average score is 28 of 41

Answer Stats

Country % Correct
China
100%
United States
100%
Russia
99%
India
99%
Canada
97%
Brazil
96%
Japan
95%
France
94%
Australia
90%
Indonesia
86%
Vatican City
86%
Germany
85%
Italy
83%
Mexico
80%
Norway
80%
Monaco
79%
Sweden
78%
Spain
77%
Chile
71%
Denmark
68%
Luxembourg
67%
San Marino
67%
Switzerland
66%
Liechtenstein
66%
Mongolia
66%
Singapore
62%
North Korea
60%
Pakistan
60%
Iceland
57%
Nigeria
57%
Philippines
56%
Nauru
52%
Qatar
48%
Tuvalu
48%
Palau
46%
Colombia
40%
Malta
37%
Bahrain
35%
Brunei
31%
Namibia
17%
Suriname
9%

Score Distribution

Percentile by Number Answered

Percent of People with Each Score

Your Score History

You have not taken this quiz since the last reset